O termíne aktualizácia vo frazeológii

Bibliographic Details
Main Author: Mlacek, Jozef, 1937- (Author)
Format: Article
Language:Slovak
Subjects:

MARC

LEADER 00000nab a2200000 a 4500
001 vtls000020662
003 SK-MaSNL
005 20260304070704.0
008 250422c1978 xo 0 slo
015 |a SNBRB19rr/mm-uuuuu 
035 |a CL0030756 
035 |a urn:nbn:sk:snk-ab1mpf 
035 |a (urnnbn)urn:nbn:sk:snk:ar-004kfw 
035 |a (uuid)8f401828-b48b-4c79-b8b0-6749775facb1 
040 |a SNKBUCL  |b slo  |c SNKBUCL  |e AACR2 
041 0 |a slo 
044 |a xo  |c SK 
080 |a 808.54  |2 1981 
080 |a 801.3  |2 1981 
100 1 |a Mlacek, Jozef,  |d 1937-  |4 aut 
245 1 0 |a O termíne aktualizácia vo frazeológii  |c Jozef Mlacek 
650 0 7 |a slovenčina  |2 snkbucl  |9 1350 
650 0 7 |a frazeológia  |2 snkbucl  |9 1507 
650 0 7 |a aktualizácia frazémy  |2 snkbucl  |9 1357053 
650 0 7 |a aktualizácia (jazykoveda)  |2 snkbucl  |9 1357054 
773 0 |t Kultúra slova  |g Roč. 12, č. 10 (1978), s. 330-334 
850 |a Slovenská národná knižnica 
852 |a Slovenská národná knižnica 
954 |a odborná, vedecká literatúra pôvodná (slovenská)  |2 lita 
958 |a article27 
958 |a OND 
958 |a EUIPO 
999 |c 2756830  |d 2758760